| 000 | 00484nam a22001817a 4500 | ||
|---|---|---|---|
| 005 | 20170707115317.0 | ||
| 010 | _aENG-119142 | ||
| 020 |
_a9788170239265 _c95.00 |
||
| 035 | _aEN-102674 | ||
| 037 | _bDBAD/PUB | ||
| 082 | _a181.49 | ||
| 100 | _aVivekananda | ||
| 245 |
_aInspiring thought / _cby Vivekananda |
||
| 260 |
_bRajpal and Sons _aDelhi _c2011 |
||
| 270 |
_aKashmere Gate _bDelhi _e110006 |
||
| 300 |
_a103p. _c20cm(Hb) |
||
| 942 |
_2ddc _cEN _h181.49 _mVIV |
||
| 999 |
_c142355 _d142355 |
||